|
|
|
|
| LEADER |
00934nam a22002532a 4500 |
| 001 |
000148286 |
| 003 |
CZ BrMZK |
| 005 |
20080108093104.0 |
| 007 |
ta |
| 008 |
970107s1988 xo f cze d |
| 040 |
|
|
|a BOA001
|b cze
|
| 080 |
9 |
|
|a 58
|
| 080 |
9 |
|
|a 371.322.043.2
|
| 100 |
1 |
|
|a Toběrná, Věra,
|d 1928-2009
|7 jk01132549
|4 aut
|
| 245 |
1 |
0 |
|a Výchovno-vzdelávací program pre záujmový útvar Botanik pre žiakov 5.-8. ročníka ZŠ /
|c spracovala Věra Toběrná
|
| 260 |
|
|
|a Bratislava :
|b Smena,
|c 1988
|
| 300 |
|
|
|a 40 s.
|
| 490 |
1 |
|
|a Programy ;
|v zv. 77
|
| 830 |
|
0 |
|a Programy
|
| 910 |
|
|
|a BOA001
|b PK-N-0027.826
|b 4-0946.302
|
| 964 |
|
|
|a Kroužky botanické - činnost - programy - školy základní
|
| 990 |
|
|
|a BK
|
| 996 |
7 |
|
|b 3119952354
|c PK-N-0027.826
|l MZK
|r Sklad / do 1 hodiny
|n 0
|w 000148286
|u 000010
|a 1
|e BOA001
|j MZK50
|s A
|
| 996 |
6 |
|
|b BC-530875
|c 4-0946.302
|l MZK
|r Sklad / do 1 hodiny
|n 0
|w 000148286
|u 000020
|a 1
|e BOA001
|j MZK50
|s P
|